<?xml version="1.0" encoding="UTF-8"?>
<record
    xmlns:xsi="http://www.w3.org/2001/XMLSchema-instance"
    xsi:schemaLocation="http://www.loc.gov/MARC21/slim http://www.loc.gov/standards/marcxml/schema/MARC21slim.xsd"
    xmlns="http://www.loc.gov/MARC21/slim">

  <leader>00976nam a2200217   4500</leader>
  <controlfield tag="001">136006</controlfield>
  <controlfield tag="003">ES-MaACL</controlfield>
  <controlfield tag="005">20251122063128.0</controlfield>
  <controlfield tag="007">t|</controlfield>
  <controlfield tag="008">070214s1971    sp      r    ||||1| spa d</controlfield>
  <datafield tag="100" ind1=" " ind2=" ">
    <subfield code="a">Ruiz Lagos, Manuel, </subfield>
    <subfield code="d">1939-2015</subfield>
    <subfield code="9">233639</subfield>
  </datafield>
  <datafield tag="245" ind1="1" ind2="0">
    <subfield code="a">Vida y poes&#xED;a de Francisco P&#xE9;rez de Grandallana </subfield>
    <subfield code="b">: conmemoraci&#xF3;n del centenario de la muerte del poeta jerezano, 1813-1870 / </subfield>
    <subfield code="c">Manuel Ruiz Lagos ; pr&#xF3;logo, Tom&#xE1;s Garc&#xED;a Figueras.</subfield>
  </datafield>
  <datafield tag="260" ind1=" " ind2=" ">
    <subfield code="a">Jerez de la Frontera : </subfield>
    <subfield code="b">Centro de Estudios Hist&#xF3;ricos Jerezanos,</subfield>
    <subfield code="c">1971.</subfield>
  </datafield>
  <datafield tag="300" ind1=" " ind2=" ">
    <subfield code="a">186 p., 5 l&#xE1;m. ; </subfield>
    <subfield code="c">25 cm.</subfield>
  </datafield>
  <datafield tag="490" ind1="1" ind2=" ">
    <subfield code="a">Publicaciones del Centro de Estudios Hist&#xF3;ricos Jerezanos. 3&#xAA; serie ; </subfield>
    <subfield code="v">2</subfield>
  </datafield>
  <datafield tag="700" ind1="1" ind2=" ">
    <subfield code="a">Garc&#xED;a Figueras, Tom&#xE1;s.</subfield>
    <subfield code="9">54615</subfield>
  </datafield>
  <datafield tag="710" ind1="2" ind2=" ">
    <subfield code="a">Centro de Estudios Hist&#xF3;ricos Jerezanos.</subfield>
    <subfield code="9">2647</subfield>
  </datafield>
  <datafield tag="830" ind1="0" ind2=" ">
    <subfield code="a">Publicaciones del Centro de Estudios Hist&#xF3;ricos Jerezanos. 3&#xAA; serie ; </subfield>
    <subfield code="v">2</subfield>
    <subfield code="9">219965</subfield>
  </datafield>
  <datafield tag="852" ind1=" " ind2=" ">
    <subfield code="a">ES-MaACL</subfield>
    <subfield code="j">C-37607 </subfield>
    <subfield code="b">R.78746</subfield>
  </datafield>
  <datafield tag="999" ind1=" " ind2=" ">
    <subfield code="c">136006</subfield>
    <subfield code="d">136006</subfield>
  </datafield>
  <datafield tag="952" ind1=" " ind2=" ">
    <subfield code="0">0</subfield>
    <subfield code="1">0</subfield>
    <subfield code="4">0</subfield>
    <subfield code="7">0</subfield>
    <subfield code="a">ATENEOM</subfield>
    <subfield code="b">ATENEOM</subfield>
    <subfield code="c">DEPO2</subfield>
    <subfield code="d">2008-01-17</subfield>
    <subfield code="e">SC</subfield>
    <subfield code="l">0</subfield>
    <subfield code="o">C-37607</subfield>
    <subfield code="p">1141553</subfield>
    <subfield code="r">2023-02-23 00:00:00</subfield>
    <subfield code="w">2023-02-23</subfield>
    <subfield code="y">MONOGRAFIA</subfield>
  </datafield>
</record>
